000
00277nam a2200121Ia 4500
008
190216s9999||||xx |||||||||||||| ||und||
100
_a
Kuzhippangad K N
245
0
_a
Vishadageethi
260
_b
Poorna Pubs Kozhikode
_c
1991
300
_a
349p
650
_a
Novel
942
_c
BK
999
_c
27549
_d
27549